| 000 | 00499nam a2200181Ia 4500 | ||
|---|---|---|---|
| 001 | 1464 | ||
| 008 | 210108s1955 ii a g b000 u asm u | ||
| 082 | _a920 | ||
| 100 | _aBhuyan, Surjya Kumar . | ||
| 245 | 0 |
_aJonaki: Sachitra / _cSurjya Kumar Bhuyan. _hTextual Documents |
|
| 250 | _a3rd ed. / | ||
| 260 |
_aGuwahati : _bLawyers book stall , _c1955. |
||
| 300 |
_a160p. : _bill ; _c16cm . |
||
| 500 | _a119(2)/Ref/Ass | ||
| 653 | _aBiography-Assamese | ||
| 653 | _aReference-Ass | ||
| 942 |
_2ddc _cBK |
||
| 999 |
_c1460 _d1460 |
||